000 02201nam a22003737a 4500
003 OSt
005 20260513141024.0
008 260513b |||||||| |||| 00| 0 aze d
040 _aAZ-XaKU
_baze
_cAZ-XaKU
041 0 _aaze
050 1 4 _aMT50 .SE94 .C8178 2015
100 1 _aSeyidov, Tərlan,
_cprofessor, sənəşünaslı üzrə elmlər doktoru
_d1943 - ;
_emüəllif
245 1 0 _aAzərbaycan ladlarının tədrisinə dair müntəxəbat
_bII hissə: Azərbaycan bəstəkarlarının əsərlərindən parçalar (opera və musiqili komediyalar)
_c/ Tərlan Seyidov
250 _a2-ci hissə
264 _aBakı:
_bŞərq-Qərb,
_c2015.
300 _a120 səhifə ;
_bnotlar ;
_c28.5 sm.
336 _atext
_btxt
_2rdacontent
337 _aunmediated
_bn
_2rdamedia
338 _avolume
_bnc
_2rdacarrier
504 _aBiblioqrafiya: səh. 114-116
505 0 _aRast -- Şur -- Segah -- Şüştər -- Çahargah --Bayatı-şiraz -- Hümayun
520 _aDərs vəsaitiAzərbaycan Respublikasının Mədəniyyət və Turizm Nazirliyi tərəfindən nəşr olunan Fərhad Bədəlbəylinin və Tərlan Seyidovun tərtib etdikləri "Üzeyirhacıbəylinin elmisistemi əsasında milli lad təfəkkürünün inkişafı Proqramı" (Bakı, 2012) əsasında hazırlanıb. Şagirdlər üçün təqdim olunan çoxcildli dərs vəsaitində Azərbaycan xalq və profesional musiqisi ilk dəfə lad cəhətdən sistemləşməyə məruz qalır: təhlil olunan və tədris üçün seçilən musiqi janrlarına aid nümunələr yeddi əsas milli lada uyğun səciyyələnib. Dərs vəsaiti Üzeyir Hacıbəyli adına Bakı Musiqi Akademiyasının elmi-eksperimental bazası olan Orta ixstisaslaşdırılmış musiqi məktəb-studiyasında hazırlanıb.
521 _aMusiqi tədrisi müəssisələri üçün
650 7 _2AZ-XaKU
_aMusiqişünaslıq
655 _adərs vəsaiti
700 1 _aHəsənova, Cəmilə,
_emüəllif
700 1 _aİbrahimova, Aytən,
_emüəllif
700 1 _aBədəlbəyli, Fərhad,
_eelmi redaktor
700 1 _aZöhrabova, leyla,
_eredaktor
700 1 _aMəlikov, Arif,
_erəyçi
700 1 _aZöhrabov, Ramiz,
_erəyçi
942 _cBOOK
999 _c442
_d442